JCT intermediate form of building contract IFC 84: practice note IN/1: introductory notes (Record no. 97364)

MARC details
000 -LEADER
fixed length control field 00893cam a2200277 4500
001 - CONTROL NUMBER
control field D6172
008 - FIXED-LENGTH DATA ELEMENTS--GENERAL INFORMATION
fixed length control field 090401t1984 xxu||||| |||| 00| 0 eng d
035 ## - SYSTEM CONTROL NUMBER
System control number (Sirsi) u88632
041 ## - LANGUAGE CODE
Language code of text/sound track or separate title eng
050 ## - LIBRARY OF CONGRESS CALL NUMBER
Classification number 692.8
090 ## - LOCALLY ASSIGNED LC-TYPE CALL NUMBER (OCLC); LOCAL CALL NUMBER (RLIN)
Classification number (OCLC) (R) ; Classification number, CALL (RLIN) (NR) JCT 1984/3ABC
110 ## - MAIN ENTRY--CORPORATE NAME
Corporate name or jurisdiction name as entry element Joint Contracts Tribunal
9 (RLIN) 3664
245 ## - TITLE STATEMENT
Title JCT intermediate form of building contract IFC 84: practice note IN/1: introductory notes
260 ## - PUBLICATION, DISTRIBUTION, ETC.
Place of publication, distribution, etc. London
Name of publisher, distributor, etc. RIBA Publications for JCT
Date of publication, distribution, etc. 1984
300 ## - PHYSICAL DESCRIPTION
Extent 10p. 30cm
350 ## - PRICE (NR) (BK AM CF MU VM SE) [OBSOLETE]
Price 0
490 ## - SERIES STATEMENT
Series statement JCT Practice Note
Volume/sequential designation IN/1
520 ## - SUMMARY, ETC.
Summary, etc. Filed in box JCT 1984/3 ABC A - Archives, B - Reference, C - Loan
650 ## - SUBJECT ADDED ENTRY--TOPICAL TERM
Topical term or geographic name entry element BUILT ENVIRONMENT-BUILDING CONTRACT FORMS
650 ## - SUBJECT ADDED ENTRY--TOPICAL TERM
Topical term or geographic name entry element IFC 84
650 ## - SUBJECT ADDED ENTRY--TOPICAL TERM
Topical term or geographic name entry element JCT INTERMEDIATE FORM OF BUILDING CONTRACT (1984 EDITION)
650 ## - SUBJECT ADDED ENTRY--TOPICAL TERM
Topical term or geographic name entry element PRACTICE NOTES
690 ## - LOCAL SUBJECT ADDED ENTRY--TOPICAL TERM (OCLC, RLIN)
Topical term or geographic name as entry element BUILT ENVIRONMENT-BUILDING CONTRACT FORMS
942 ## - ADDED ENTRY ELEMENTS (KOHA)
Suppress in OPAC 0
948 ## - LOCAL PROCESSING INFORMATION (OCLC); SERIES PART DESIGNATOR (RLIN)
c (OCLC) 04/03/1997
Holdings
Withdrawn status Lost status Source of classification or shelving scheme Damaged status Not for loan Home library Current library Shelving location Date acquired Total Checkouts Full call number Barcode Date last seen Copy number Price effective from Koha item type Date last checked out
    Dewey Decimal Classification     London London Boxed set 08/08/1991   JCT 1984/3 30016407 06/08/2019 1 06/08/2019 Reference material  
    Dewey Decimal Classification     London London Boxed set 08/08/1991   JCT 1984/3 30016408 06/08/2019 2 06/08/2019 Reference material  
    Dewey Decimal Classification     London London Boxed set 08/08/1991 3 JCT 1984/3 30016409 06/08/2019 3 06/08/2019 Book 24/10/2001